000 00255 a2200097 4500
020 _a9781032850702
100 _aVivek Kale
245 _aParallel computing architectures and APIs: IoT big data stream processing
260 _bCRC Press
_c2024
942 _cOO
999 _c116036
_d116035